000 00353nam a22001457a 4500
003 OSt
008 250519b |||||||| |||| 00| 0 eng d
100 _aVEDIC GHVESK, Aacharya Aryanaresh
245 _aVedic Manovighan Parichya
250 _a12th
260 _aNew Delhi
_bArya Prakashan
_c2012
300 _a120
650 _aGeneral
942 _2ddc
_cBK
999 _c13589
_d13589